00709nam a2200181Ia 450000500170000000800410001702000180005808200130007624500430008926000510013230000190018350001610020270000230036370000250038694200060041195200950041799900150051220241114010739.0240331s9999 xx 000 0 und d a9780143068181 bSEAa823 0aIn Search of SITA Revisiting Mythology aIndiabPenguin Books India & Yatra Booksc2009 aXVII, 270 P ., aThis popular print of Sita, based on a painting by raja Ravi Varma, Depicts the abducted goddess, alone and brooding , yet with a flash of fire in her eyes aLal, Malashrieedt aGokhale, Namitaeedt cL 001040708LaWERCLbWERCLcSSCd2024-03-31l0o 823 SEAp6740r2024-03-31w2024-03-31yL c5687d5687